000 01157nam a2200301 a 4500
001 000113018
003 CHAP
005 20220329144333.0
008 170316s2016 mx sm |||||||spa d
010 _a109479
011 _a110451
040 _cCHAP
090 _aTesis
100 1 _aRico Serrano, Adriana Araceli
_9131761
245 1 0 _aAnálisis técnico de las condiciones de operación de un sistema de producción de frío en una empacadora de vegetales
_h[En línea]
_cpor Adriana Araceli Rico Serrano.
260 _aChapingo, Méx. :
_bEl autor,
_c2016.
500 _aPara ver el contenido del material haga clic en la liga
502 _aTesis (Ing. Agroindustrial) -- UACH. Departamento de Ingeniería Agroindustrial
590 _aE5765TAJ
_b05
_c20170316
_lUCH01
_h0918
590 _aE5765TAJ
_b05
_c20170316
_lUCH01
_h0918
650 1 4 _aAlimentos
_xConservación por frío.
_94180
650 1 4 _aAlmacenamiento en atmósfera controlada.
_94461
650 1 4 _aEmpacadoras
_xRefrigeración
_xEvaluación.
_9131762
856 _aFinding aid
_uhttp://10.13.5.2/tesis/sist113018.pdf
_zTeclea aquí
901 _aBK
942 _cTESIS
942 _n0
999 _c109479
_d109479